Building surveyors and adjudication: the implications of Hurst Stores v M L Europe Property Limited (2004) (Record no. 75186)

MARC details
000 -LEADER
fixed length control field 01474cab a2200241 4500
001 - CONTROL NUMBER
control field L129624
008 - FIXED-LENGTH DATA ELEMENTS--GENERAL INFORMATION
fixed length control field 050506n2005 000 0 eng u
035 ## - SYSTEM CONTROL NUMBER
System control number (Sirsi) u129624
041 ## - LANGUAGE CODE
Language code of text/sound track or separate title eng
100 ## - MAIN ENTRY--PERSONAL NAME
Personal name Donohoe, Stephen
245 ## - TITLE STATEMENT
Title Building surveyors and adjudication: the implications of Hurst Stores v M L Europe Property Limited (2004)
260 ## - PUBLICATION, DISTRIBUTION, ETC.
Date of publication, distribution, etc. 2005
490 ## - SERIES STATEMENT
Series statement Structural Survey
Volume/sequential designation 23(1) 2005, 55-62(8)
520 ## - SUMMARY, ETC.
Summary, etc. Considers the CA decision in "Hurst Stores v ML Europe Property Ltd" ([2004] EWCA Civ 490, [2004] BLR 249). Concludes that a person described as a project manager does not necessarily have the authority to make legally binding agreements. Where a building surveyor is acting as a project manager the extent of authority needs to be clarified. Building surveyors need to be aware that as a result of this case the possibility of a legal challenge to an adjudicator's decision is increased.
590 ## - LOCAL NOTE (RLIN)
Local note IKA190505
650 ## - SUBJECT ADDED ENTRY--TOPICAL TERM
Topical term or geographic name entry element HOUSING GRANTS, CONSTRUCTION AND REGENERATION ACT 1996
650 ## - SUBJECT ADDED ENTRY--TOPICAL TERM
Topical term or geographic name entry element HURST STORES AND INTERIORS LTD V M L EUROPE PROPERTY LTD
650 ## - SUBJECT ADDED ENTRY--TOPICAL TERM
Topical term or geographic name entry element MACOB CIVIL ENGINEERING LTD V MORRISON CONSTRUCTION LTD
650 ## - SUBJECT ADDED ENTRY--TOPICAL TERM
Topical term or geographic name entry element DISCAIN PROJECT SERVICES LTD V OPECPRIME DEVELOPMENT LTD
650 ## - SUBJECT ADDED ENTRY--TOPICAL TERM
Topical term or geographic name entry element BUILT ENVIRONMENT-BUILDING INSPECTION-BUILDING SURVEYORS
690 ## - LOCAL SUBJECT ADDED ENTRY--TOPICAL TERM (OCLC, RLIN)
Topical term or geographic name as entry element MANAGEMENT-DISPUTE AVOIDANCE, MANAGEMENT AND RESOLUTION-DISPUTE MANAGEMENT AND RESOLUTION-ALTERNATIVE DISPUTE RESOLUTION-ADJUDICATION
942 ## - ADDED ENTRY ELEMENTS (KOHA)
Suppress in OPAC 0
Holdings
Withdrawn status Lost status Source of classification or shelving scheme Damaged status Not for loan Home library Current library Shelving location Date acquired Total Checkouts Full call number Barcode Date last seen Copy number Price effective from Koha item type
    Dewey Decimal Classification     London London Journal article 06/05/2005   L129624 129624-1001 06/08/2019 1 06/08/2019 Journal article